Préfectures de France : Foix - Statistiques

Statistiques générales
  • Ce quiz a été pris 24 fois
  • Le résultat moyen est 12 sur 29
Statistiques - réponses
Question Réponse % Correct
De quel département est-ce la préfecture ? Ariège
100%
La ville appartient à l'académie de Toulouse
91%
Quel numéro porte celui-ci ? 09
86%
A quelle région administrative appartient la ville depuis 2015 ? Occitanie
82%
Le principal monument ancien de la ville est le château
68%
Quelles sont les sous-préfectures qui en dépendent ? Pamiers
68%
La ville appartient au diocèse de/d' Pamiers | Couserans | Mirepoix
68%
A quelle région administrative appartenait-elle auparavant ? Midi-Pyrénées
64%
Les couleurs de fond de son blason sont le/l' rouge
64%
Les couleurs de fond de son blason sont le/l' or
59%
Comment se nomment ses habitants ? Fuxéens | Fuxéennes
55%
Quelles sont les sous-préfectures qui en dépendent ? Saint-Girons
50%
La ville a longtemps été la capitale d'un comté
45%
La ville est vulnérable à ces risques majeurs Inondations
45%
La ville est vulnérable à ces risques majeurs Séisme | Tremblement de terre
45%
La ville est desservie par l'autoroute A66
27%
La ville est vulnérable à ces risques majeurs Feux de forêt | Incendies
18%
La ville est situé au confluent de l'Ariège et de l'{Arget}
14%
Ville européenne jumelée avec la ville (3 possibles) Lleida | Andorre-la-Vieille | Ripon
14%
Les communes limitrophes au nom commençant par une des 10 dernières lettres de l'alphabet Saint-Pierre-de-Rivière
14%
L'église classée Monuments historiques est consacrée à St {Volusien}
14%
Les communes limitrophes au nom commençant par une des 10 dernières lettres de l'alphabet Vernajoul
14%
La gare a été mise en service en 1862
9%
La ville est vulnérable à ces risques majeurs Canicule
9%
La ville a deux sites protégés du réseau Natura 2000
9%
Les communes limitrophes au nom commençant par une des 10 dernières lettres de l'alphabet Saint-Jean-de-Verges
9%
La ville est vulnérable à ces risques majeurs Grand froid
5%
La ville est vulnérable à ces risques majeurs Radon
5%
La ville est vulnérable à ces risques majeurs Rupture de barrage
5%
Aucun quiz correspondant
Distribution des résultats
% des personnes avec chaque résultat
Percentile par nombre de réponses
Votre historique - résultats
Vous n’avez pas pris ce quiz